Estimación del riesgo asociado a la ocurrencia de inundaciones en la cuenca hidrográfica inferior del río Negro (Argentina)

Detalles Bibliográficos
Otros Autores: García Bu Bucogen, Grethel (Disertante), Piccolo, María Cintia, 1951- (Orientador), Bohn, Vanesa Yael (Orientador)
Formato: Tesis eBook
Lenguaje:Espa�ol
Publicado: 2023.
Materias:
Acceso en línea:Repositorio Institucional Digital de la Universidad Nacional del Sur (RID-UNS)
Etiquetas: Agregar Etiqueta
Sin Etiquetas, Sea el primero en etiquetar este registro!

MARC

LEADER 00000ntm a22000004a 4500
001 AR-BbUGT58399
003 AR-BbUGT
005 20250515141827.0
008 250515s2023 ag bd om 001 0 spa d
040 |a AR-BbUGT  |c AR-BbUGT  |e aacr2 
041 1 |a spa  |b eng 
082 0 4 |a 551.48908273  |2 21 
100 1 |a García Bu Bucogen, Grethel.  |4 dis 
245 1 |a Estimación del riesgo asociado a la ocurrencia de inundaciones en la cuenca hidrográfica inferior del río Negro (Argentina)  |h [Recurso electrónico] /  |c tesista: García Bu Bucogen, Grethel ; directora: Piccolo, María Cintia ; co-directora: Bohn, Vanesa Yael. 
260 |c 2023. 
300 |a 1 recurso en línea (245 p.) :   |b gráf., mapas. 
500 |a Descripción basada en el recurso electrónico; título tomado del PDF, (visto el 15 de mayo de 2025).  
500 |a "Tesis de Doctorado en Geografía" (Port.) 
502 |g Tesis  |b Doctoral  |c Universidad Nacional del Sur, Departamento de Geografía y Turismo.  |d 2023  |o 6706 
506 0 |a Acceso abierto. 
520 3 |a Las recurrentes crecidas del río Negro (RN) registradas desde 1899 en su cuenca hidrográfica inferior han causado serios daños a la población residente asentada en zonas susceptibles a inundarse cuya condición socio - económica es desfavorable. Por tal motivo, el objetivo de esta tesis fue estimar el riesgo asociado a la ocurrencia de inundaciones en esta zona a través de la integración del estudio de la amenaza, la susceptibilidad del área de estudio ante la misma y la vulnerabilidad de sus pobladores. El análisis de riesgo se obtuvo del álgebra de los mapas de amenaza (inundaciones) y vulnerabilidad realizado acorde a criterios publicados por Renda et al. (2017). El análisis de la amenaza involucró el estudio del origen de las inundaciones a través del análisis estadístico de variables climáticas e hidrológicas y la delimitación de la zona de afectación de las crecidas del RN acorde a las características del terreno y topografía propia del área de estudio. La vulnerabilidad de la población se obtuvo sobre la base de sus condiciones físicas y socioeconómicas registradas durante el Censo 2010 (INDEC, 2010). 
520 3 |a The recurrent flooding of the Rio Negro (RN) recorded since 1899 in its lower hydrographic basin has caused serious damage to the resident population settled in flood-prone areas whose socio-economic condition is unfavorable. Therefore, the objective of this thesis was to assess the risk associated with the occurrence of floods in this area through the integration of the study of the hazard, the susceptibility of the study area to it, and the vulnerability of its inhabitants. The risk analysis was obtained from the algebra of the maps of threat (floods) and vulnerability made according to criteria published by Renda et al. (2017). The study of the threat involved the detection of the origin of floods through the statistical analysis of climatic and hydrological variables and the delimitation of the affected zone of the RN floods according to the characteristics of the terrain and topography of the study area. The vulnerability of the population was obtained based on their socio-economic conditions recorded during the 2010 Census (INDEC, 2010). 
538 |a Modo de acceso: Internet.  
540 |a Reconocimiento-NoComercial-SinObraDerivada 4.0 (CC BY-NC-ND 4.0)  |u http://creativecommons.org/licenses/by-nc-nd/4.0/ 
650 7 |a Inundaciones  |2 unbist 
650 7 |a Hidrología  |2 unescot 
650 7 |a Cuencas fluviales  |2 unbist 
651 4 |a Viedma (Argentina)  |9 416 
651 4 |a Río Negro (Río Negro, Argentina : Río)  |9 433 
651 4 |a Carmen de Patagones (Argentina)  |9 327 
700 1 |a Piccolo, María Cintia,  |d 1951-  |4 ths  |9 231 
700 1 |a Bohn, Vanesa Yael.  |4 ths  |9 791 
710 2 |a Universidad Nacional del Sur.  |b Departamento de Geografía y Turismo  |4 dgg  |9 48 
856 4 |u https://repositoriodigital.uns.edu.ar/handle/123456789/6706  |y Repositorio Institucional Digital de la Universidad Nacional del Sur (RID-UNS)  |3 Texto completo  |7 0  |2 http 
942 |c BK  |2 ddc  |h 551.48908273  |e 21  |i G216  |6 551_489082730000000_G216 
999 |c 16178  |d 16178